Normal view
MARC view
Entry Personal Name
001 - CONTROL NUMBER
- control field: 35710
003 - CONTROL NUMBER IDENTIFIER
- control field: dpl
005 - DATE AND TIME OF LATEST TRANSACTION
- control field: 20111104114116.0
008 - FIXED-LENGTH DATA ELEMENTS
- fixed length control field: 111104|||a|||||| | ||| d
040 ## - CATALOGING SOURCE
- Original cataloging agency: dpl
- Transcribing agency: dpl
100 ## - HEADING--PERSONAL NAME
- Personal name: त्रिपाठी, सूर्यकान्त "निराला"
670 ## - SOURCE DATA FOUND
- Source citation: Work cat.: (dpl)23195: त्रिपाठी, सूर्यकान्त "निराला", सम्पूर्ण कहानियाँ /, 2008
670 ## - SOURCE DATA FOUND
- Source citation: Work cat.: (dpl)23195: त्रिपाठी, सूर्यकान्त "निराला", सम्पूर्ण कहानियाँ /, 2008
